[Event "Stuttgarter Stadtmeisterschaft"]
[Site "Ditzingen"]
[Date "2008.05.03"]
[Round "5.5"]
[White "Debbeler, Adrian"]
[Black "Gibicar, Danijel"]
[Result "0-1"]
[WhiteElo "1649"]
[BlackElo "1745"]
[PlyCount "78"]
[EventDate "2008.05.??"]
[EventType "swiss"]
[EventRounds "7"]
[EventCountry "GER"]

1. d4 Nf6 2. Nf3 e6 3. c4 Bb4+ 4. Bd2 Qe7 5. e3 O-O 6. Bd3 Bxd2+ 7. Nbxd2 d6 8.
O-O b6 9. Qc2 Bb7 10. Rfe1 c5 11. Rad1 Nc6 12. a3 h6 13. Qc3 e5 14. d5 Nd8 15.
b4 e4 16. bxc5 bxc5 17. Nh4 exd3 18. Nf5 Qd7 19. e4 Ne8 20. Re3 f6 21. Rg3 Kh7
22. Qxd3 Bc8 23. Nf3 Qf7 24. N3h4 g5 25. e5 dxe5 26. Nxh6+ Kxh6 27. Nf5+ Bxf5
28. Qxf5 Rh8 29. h4 gxh4 30. Rg4 Qh5 31. Qe4 f5 32. Qe3+ Kh7 33. Rg5 Qxd1+ 34.
Kh2 Nf7 35. Rxf5 Ned6 36. Rf6 Kg7 37. Rxd6 Nxd6 38. Qxe5+ Kg8 39. Qg5+ Kf8 0-1

[Event "Stuttgarter Stadtmeisterschaft"]
[Site "Ditzingen"]
[Date "2008.05.03"]
[Round "5.6"]
[White "Wendland, Viktor"]
[Black "Huynh, Nhi Lang"]
[Result "0-1"]
[WhiteElo "1469"]
[BlackElo "1730"]
[PlyCount "84"]
[EventDate "2008.05.??"]
[EventType "swiss"]
[EventRounds "7"]
[EventCountry "GER"]

1. d4 Nf6 2. c4 e6 3. Nc3 Bb4 4. Qc2 b6 5. f3 Bxc3+ 6. bxc3 d5 7. cxd5 exd5 8.
Ba3 Nbd7 9. e4 dxe4 10. fxe4 Bb7 11. Bd3 c5 12. d5 Qe7 13. c4 O-O 14. Nf3 Rfe8
15. Nd2 Ne5 16. O-O Nfg4 17. Rae1 Qg5 18. Nf3 Qh6 19. g3 Ne3 20. Qd2 Nxf1 21.
Qxh6 Nxf3+ 22. Kxf1 gxh6 23. Re2 Ne5 24. Bc2 Nxc4 25. Bc1 Ba6 26. Bd3 Kg7 27.
Bf4 f6 28. g4 b5 29. Kf2 Ne5 30. Bxe5 Rxe5 31. Kg3 c4 32. Bc2 Rd8 33. Rd2 Rd6
34. Kf4 h5 35. h3 hxg4 36. hxg4 Bc8 37. Bd1 h6 38. a3 a5 39. Rc2 Rd7 40. Be2
Rde7 41. Bf3 Ba6 42. Ke3 Rxd5 0-1

[Event "Stuttgarter Stadtmeisterschaft"]
[Site "Ditzingen"]
[Date "2008.05.03"]
[Round "5.7"]
[White "Schuhmacher, Jakob"]
[Black "Philippin, Otto"]
[Result "1-0"]
[WhiteElo "1657"]
[BlackElo "1721"]
[PlyCount "83"]
[EventDate "2008.05.??"]
[EventType "swiss"]
[EventRounds "7"]
[EventCountry "GER"]

1. d4 d5 2. c4 e6 3. Nc3 Nf6 4. Bg5 Nbd7 5. Nf3 Be7 6. e3 O-O 7. Qc2 c5 8. cxd5
exd5 9. dxc5 Nxc5 10. Rd1 Be6 11. Nd4 Rc8 12. Nf5 Nce4 13. Nxe7+ Qxe7 14. Bxf6
Qxf6 15. Rd4 Rxc3 16. bxc3 Rc8 17. c4 b5 18. Bd3 Nc5 19. Bxh7+ Kh8 20. cxd5 Na4
21. Qd2 Bxd5 22. O-O Bc4 23. Bd3 Bxd3 24. Rxd3 Nb2 25. Rb3 Nc4 26. Qc3 Qf5 27.
e4 Qd7 28. Qh3+ Qxh3 29. Rxh3+ Kg8 30. Rc1 Re8 31. Rh5 a6 32. f3 Re6 33. Rd1 g6
34. Rc5 Kg7 35. Kf2 Kf6 36. g4 Ne5 37. h4 Nxg4+ 38. fxg4 Rxe4 39. g5+ Kg7 40.
Rd8 Rxh4 41. Rcc8 f6 42. Rd7# 1-0

[Event "Stuttgarter Stadtmeisterschaft"]
[Site "Ditzingen"]
[Date "2008.05.03"]
[Round "5.8"]
[White "Koss, Dietrich"]
[Black "Mainik, Philipp"]
[Result "1-0"]
[WhiteElo "1700"]
[BlackElo "1437"]
[PlyCount "51"]
[EventDate "2008.05.??"]
[EventType "swiss"]
[EventRounds "7"]
[EventCountry "GER"]

1. e4 e5 2. f4 exf4 3. Nf3 g5 4. Bc4 Bg7 5. d4 d6 6. O-O h6 7. g3 g4 8. Nh4 f3
9. c3 Nf6 10. Qb3 Qe7 11. e5 dxe5 12. dxe5 Ne4 13. Be3 Nd7 14. e6 Ndc5 15.
exf7+ Kd8 16. Qd1+ Qd7 17. Nf5 Bf8 18. Na3 a6 19. b4 b5 20. Nxb5 axb5 21. Bxb5
Qxd1 22. Rfxd1+ Nd7 23. Bc6 Ra3 24. Bxe4 Ra6 25. b5 Re6 26. Nd4 1-0

[Event "Stuttgarter Stadtmeisterschaft"]
[Site "Ditzingen"]
[Date "2008.05.03"]
[Round "5.9"]
[White "Cofman, Veaceslav"]
[Black "Potthast, Christian"]
[Result "1-0"]
[WhiteElo "1894"]
[BlackElo "1691"]
[PlyCount "119"]
[EventDate "2008.05.??"]
[EventType "swiss"]
[EventRounds "7"]
[EventCountry "GER"]

1. d4 Nf6 2. c4 e6 3. Nc3 c5 4. e3 cxd4 5. exd4 d5 6. cxd5 Nxd5 7. Bc4 Bb4 8.
Nge2 Nb6 9. Bb3 Nc6 10. O-O O-O 11. Be3 Na5 12. Rc1 Nxb3 13. Qxb3 Be7 14. Rfd1
Nd5 15. Nxd5 Qxd5 16. Qxd5 exd5 17. Bf4 Bf6 18. h3 Re8 19. Nc3 Be6 20. a3 a6
21. Be3 b5 22. Ne2 Rac8 23. Nf4 Rc4 24. b3 Rcc8 25. Nd3 Rxc1 26. Rxc1 Rc8 27.
Nc5 Rc6 28. b4 h6 29. Kf1 Be7 30. Ke2 Bc8 31. Kd2 Bxc5 32. dxc5 h5 33. Re1 Kf8
34. h4 Bd7 35. Bg5 f6 36. Bf4 Re6 37. Rxe6 Bxe6 38. c6 Ke7 39. Kd3 Bc8 40. Kd4
Be6 41. Kc5 Kd8 42. Kd6 Bf5 43. Kxd5 g6 44. Kc5 Be4 45. f3 Bd3 46. Kb6 Kc8 47.
Kxa6 Bf1 48. g3 Be2 49. Ka5 g5 50. Bd6 Bc4 51. a4 bxa4 52. Kxa4 Bd5 53. Kb5
Bxf3 54. Kc5 g4 55. b5 Be2 56. b6 Ba6 57. b7+ Bxb7 58. cxb7+ Kxb7 59. Bf4 Kc8
60. Kd6 1-0

[Event "Stuttgarter Stadtmeisterschaft"]
[Site "Ditzingen"]
[Date "2008.05.03"]
[Round "5.10"]
[White "Haubensak, Harald"]
[Black "Auterhoff, Jürgen"]
[Result "1-0"]
[WhiteElo "1675"]
[BlackElo "1891"]
[PlyCount "134"]
[EventDate "2008.05.??"]
[EventType "swiss"]
[EventRounds "7"]
[EventCountry "GER"]

1. Nf3 Nf6 2. b3 d5 3. Bb2 e6 4. e3 Bd6 5. Ne5 Nbd7 6. f4 O-O 7. Qf3 b6 8. Be2
Bb7 9. Qh3 c5 10. O-O Bxe5 11. fxe5 Ne4 12. d3 Ng5 13. Qg4 h6 14. Nd2 Qe7 15.
h4 Nh7 16. d4 f5 17. Qh3 a5 18. c4 Ba6 19. Rf2 Nb8 20. g4 dxc4 21. Nxc4 Bxc4
22. Bxc4 fxg4 23. Rxf8+ Nxf8 24. Qxg4 Nbd7 25. Rf1 Kh8 26. Rf2 Re8 27. Rg2 Qf7
28. Bd3 h5 29. Qg5 Nh7 30. Qg3 Ndf8 31. Rf2 Qe7 32. Bg6 Nxg6 33. Qxg6 Rf8 34.
Qxh5 Rxf2 35. Kxf2 Qf8+ 36. Kg2 Kg8 37. Qg4 Qf7 38. Qe4 Nf8 39. dxc5 bxc5 40.
a4 Qd7 41. Qc2 Qb7+ 42. Kg3 Qe7 43. Kg4 Nd7 44. Qc3 Qf7 45. Qd3 Kh8 46. h5 Kg8
47. Bc3 Kf8 48. Qg6 Qxg6+ 49. hxg6 Ke8 50. Kg5 c4 51. bxc4 Nc5 52. Bxa5 Nxa4
53. Bb4 Nb6 54. c5 Nd5 55. Ba3 Ne7 56. e4 Nc6 57. Kf4 Kd7 58. Bb2 Kc8 59. Bc3
Kb7 60. Be1 Ka6 61. Bf2 Kb5 62. Bh4 Kxc5 63. Bf6 gxf6 64. exf6 Kd6 65. g7 e5+
66. Kg5 Ne7 67. fxe7 Kxe7 1-0

[Event "Stuttgarter Stadtmeisterschaft"]
[Site "Ditzingen"]
[Date "2008.05.03"]
[Round "5.11"]
[White "Rühl, Volker"]
[Black "Lautenbach, Ulrich"]
[Result "0-1"]
[WhiteElo "1886"]
[BlackElo "1663"]
[PlyCount "52"]
[EventDate "2008.05.??"]
[EventType "swiss"]
[EventRounds "7"]
[EventCountry "GER"]

1. e4 c6 2. d4 d5 3. f3 dxe4 4. fxe4 e5 5. Nf3 exd4 6. c3 Bg4 7. Qxd4 Nd7 8.
Bg5 f6 9. Bh4 Bc5 10. Qd2 Qe7 11. Bd3 Bxf3 12. gxf3 O-O-O 13. Bg3 Ne5 14. Bxe5
fxe5 15. Ke2 Qh4 16. Qe1 Qf4 17. Qd2 Qh4 18. b4 Qf2+ 19. Kd1 Qxf3+ 20. Kc2 Qxh1
21. bxc5 Nf6 22. Qe2 Rd7 23. Bc4 Kc7 24. Kb2 Qxe4 25. Qxe4 Nxe4 26. Na3 Rd2+
0-1

[Event "Stuttgarter Stadtmeisterschaft"]
[Site "Ditzingen"]
[Date "2008.05.03"]
[Round "5.12"]
[White "Bulgrin, Uwe"]
[Black "Ziegler, Michael"]
[Result "1-0"]
[WhiteElo "1840"]
[BlackElo "1662"]
[PlyCount "93"]
[EventDate "2008.05.??"]
[EventType "swiss"]
[EventRounds "7"]
[EventCountry "GER"]

1. f4 d5 2. Nf3 Nc6 3. d4 Nf6 4. e3 e6 5. c3 Bd6 6. Bd3 Bd7 7. Nbd2 Qe7 8. a3
Ng4 9. Qe2 f6 10. c4 dxc4 11. Nxc4 a6 12. h3 Nh6 13. e4 b5 14. Nxd6+ cxd6 15.
Bd2 Nf7 16. O-O O-O 17. Rac1 Rfe8 18. Bb1 Rac8 19. Qd3 e5 20. d5 Nb8 21. f5 Qd8
22. h4 a5 23. Qe3 Na6 24. b4 a4 25. Bd3 Rb8 26. Qe2 Qb6+ 27. Be3 Qb7 28. g4
Rec8 29. g5 Rxc1 30. Bxc1 fxg5 31. hxg5 Be8 32. Nh4 Qb6+ 33. Be3 Qd8 34. Qg4
Rb7 35. g6 Nh8 36. gxh7+ Kxh7 37. f6 gxf6 38. Nf5 Bg6 39. Kf2 Kg8 40. Rh1 Kf7
41. Rh7+ Bxh7 42. Qg7+ Ke8 43. Qxb7 Bxf5 44. exf5 Nb8 45. Bxb5+ Nd7 46. Bb6 Qe7
47. Qc8+ 1-0

[Event "Stuttgarter Stadtmeisterschaft"]
[Site "Ditzingen"]
[Date "2008.05.03"]
[Round "5.13"]
[White "Ilzhöfer, Karl-Heinz"]
[Black "Rix, Michael"]
[Result "0-1"]
[WhiteElo "1646"]
[BlackElo "1820"]
[PlyCount "79"]
[EventDate "2008.05.??"]
[EventType "swiss"]
[EventRounds "7"]
[EventCountry "GER"]

1. e4 c5 2. Nf3 Nc6 3. d4 cxd4 4. Nxd4 g6 5. Be2 Bg7 6. c3 Nf6 7. f3 O-O 8. Be3
d5 9. Nxc6 bxc6 10. e5 Nd7 11. f4 f6 12. exf6 exf6 13. O-O Re8 14. Bf2 Qc7 15.
g3 f5 16. Nd2 Nf6 17. Bd4 c5 18. Be5 Qb6 19. Rb1 Bb7 20. Bf3 Ne4 21. Bxg7 Kxg7
22. Nb3 Rad8 23. Kg2 d4 24. cxd4 cxd4 25. Rc1 a5 26. Qc2 Rd7 27. Rfd1 Rc8 28.
Qd3 Ba6 29. Qb1 Rxc1 30. Qxc1 Rc7 31. Qb1 d3 32. Rf1 a4 33. Na1 Nd2 34. Qe1
Nxf1 35. Qe5+ Kh6 36. g4 Ne3+ 37. Kh3 Nxg4 38. Bxg4 fxg4+ 39. Kg2 Bb7+ 40. Kg3
0-1

[Event "Stuttgarter Stadtmeisterschaft"]
[Site "Ditzingen"]
[Date "2008.05.03"]
[Round "5.14"]
[White "Follmer, Helmuth"]
[Black "Maisch, Julian"]
[Result "1-0"]
[WhiteElo "1807"]
[BlackElo "1574"]
[PlyCount "49"]
[EventDate "2008.05.??"]
[EventType "swiss"]
[EventRounds "7"]
[EventCountry "GER"]

1. e4 e5 2. Nf3 Nc6 3. Bc4 Bc5 4. b4 Bxb4 5. c3 Ba5 6. Qb3 Qe7 7. d3 h6 8. O-O
Bb6 9. Be3 Na5 10. Qb5 Nxc4 11. Qxc4 d6 12. d4 exd4 13. Bxd4 Nf6 14. e5 dxe5
15. Nxe5 Bxd4 16. cxd4 a6 17. Nc3 Qe6 18. d5 Qd6 19. Qa4+ Bd7 20. Nxd7 Qxd7 21.
Rfe1+ Kd8 22. Qb4 Rb8 23. d6 c6 24. Re7 Qg4 25. Qb6+ 1-0

[Event "Stuttgarter Stadtmeisterschaft"]
[Site "Ditzingen"]
[Date "2008.05.03"]
[Round "5.15"]
[White "Mainik, Andreas"]
[Black "Mack, Markus"]
[Result "1/2-1/2"]
[WhiteElo "1777"]
[BlackElo "1599"]
[PlyCount "62"]
[EventDate "2008.05.??"]
[EventType "swiss"]
[EventRounds "7"]
[EventCountry "GER"]

1. e4 c5 2. Nc3 g6 3. g3 Bg7 4. Bg2 Nc6 5. f4 d6 6. d3 Nf6 7. Nf3 a6 8. a4 Rb8
9. Be3 Ng4 10. Qe2 Nxe3 11. Qxe3 Nd4 12. Qd2 Bg4 13. O-O Nxf3+ 14. Bxf3 Bxf3
15. Rxf3 O-O 16. Rb1 b5 17. axb5 axb5 18. Nd5 e6 19. Ne3 Ra8 20. Kg2 Ra2 21. f5
Rxb2 22. Rxb2 Bxb2 23. c3 Ba3 24. fxe6 b4 25. exf7+ Kg7 26. Nd5 b3 27. c4 b2
28. Qc2 Qg5 29. Nf4 Qe5 30. d4 cxd4 31. Rxa3 Rb8 1/2-1/2

[Event "Stuttgarter Stadtmeisterschaft"]
[Site "Ditzingen"]
[Date "2008.05.03"]
[Round "5.16"]
[White "Zimmermann, Tobias"]
[Black "Weber, Norbert"]
[Result "0-1"]
[WhiteElo "1642"]
[BlackElo "1738"]
[PlyCount "84"]
[EventDate "2008.05.??"]
[EventType "swiss"]
[EventRounds "7"]
[EventCountry "GER"]

1. e4 d5 2. exd5 Nf6 3. Nc3 Nxd5 4. Bc4 c6 5. d3 g6 6. Bg5 Bg7 7. Nge2 O-O 8.
Qd2 Re8 9. Bb3 a5 10. a4 Na6 11. Nxd5 cxd5 12. c3 Nc5 13. Bc2 Qb6 14. Rb1 e5
15. O-O Ne6 16. d4 Nxg5 17. Qxg5 Qf6 18. Qxf6 Bxf6 19. Bb3 exd4 20. Nxd4 Bxd4
21. cxd4 Be6 22. Rbc1 Rec8 23. f4 Rc6 24. Rxc6 bxc6 25. Bc2 Rb8 26. b3 Rb4 27.
Rd1 Kg7 28. Kf2 Kf6 29. h4 h5 30. Ke3 Bf5 31. Bxf5 Kxf5 32. Kd3 Rxb3+ 33. Ke2
Ke4 34. Rc1 Rb6 35. Rc5 Kxd4 36. Rxa5 Rb7 37. Ra8 c5 38. a5 c4 39. a6 Re7+ 40.
Kd1 Kc3 41. Rb8 Ra7 42. Rb7 Rxa6 0-1

[Event "Stuttgarter Stadtmeisterschaft"]
[Site "Ditzingen"]
[Date "2008.05.03"]
[Round "5.17"]
[White "Schestibrat, Dennis"]
[Black "Gheng, Hannelore"]
[Result "1-0"]
[WhiteElo "1727"]
[BlackElo "1459"]
[PlyCount "39"]
[EventDate "2008.05.??"]
[EventType "swiss"]
[EventRounds "7"]
[EventCountry "GER"]

1. e4 c5 2. Nc3 d6 3. f4 Nf6 4. Nf3 g6 5. Bc4 Bg7 6. d3 O-O 7. O-O Nc6 8. Qe1
Na5 9. Qh4 Nxc4 10. dxc4 Qd7 11. f5 e6 12. Bg5 Qe7 13. e5 dxe5 14. Ne4 Kh8 15.
Nxf6 h6 16. Nd5 Qd7 17. f6 h5 18. fxg7+ Kxg7 19. Nxe5 Qe8 20. Bf6+ 1-0

[Event "Stuttgarter Stadtmeisterschaft"]
[Site "Ditzingen"]
[Date "2008.05.03"]
[Round "5.18"]
[White "Tölg, Wolfgang"]
[Black "Hamm, Lukas"]
[Result "1/2-1/2"]
[WhiteElo "1721"]
[BlackElo "1418"]
[PlyCount "47"]
[EventDate "2008.05.??"]
[EventType "swiss"]
[EventRounds "7"]
[EventCountry "GER"]

1. e4 e5 2. f4 exf4 3. Nf3 g5 4. Bc4 Bg7 5. d4 d6 6. Nc3 Nc6 7. h3 h6 8. O-O
Nge7 9. Re1 a6 10. a4 Ng6 11. Qd3 Nce7 12. b4 Be6 13. Bxe6 fxe6 14. b5 Qd7 15.
Bb2 O-O 16. Rad1 axb5 17. axb5 Ra5 18. Nd2 Raa8 19. Nf3 Kh7 20. e5 d5 21. h4
Rf5 22. hxg5 hxg5 23. Nh2 Kg8 24. Ng4 1/2-1/2

[Event "Stuttgarter Stadtmeisterschaft"]
[Site "Ditzingen"]
[Date "2008.05.03"]
[Round "5.20"]
[White "Zimmermann, Ulrich"]
[Black "Daur, Wolfgang"]
[Result "1/2-1/2"]
[WhiteElo "1493"]
[BlackElo "1696"]
[PlyCount "50"]
[EventDate "2008.05.??"]
[EventType "swiss"]
[EventRounds "7"]
[EventCountry "GER"]

1. e4 e6 2. d4 d5 3. e5 c5 4. c3 Nc6 5. Nf3 Qb6 6. Be2 Nh6 7. Bxh6 gxh6 8. Qd2
cxd4 9. cxd4 Bd7 10. Nc3 O-O-O 11. O-O Kb8 12. a3 a6 13. b4 Na7 14. Rfb1 Nb5
15. Nxb5 Bxb5 16. Bxb5 Qxb5 17. a4 Qb6 18. Qd3 Rc8 19. a5 Qb5 20. Qxb5 axb5 21.
Rb2 Be7 22. Rab1 Rc4 23. Kf1 Rhc8 24. Ke2 Rc2+ 25. Nd2 f6 1/2-1/2

[Event "Stuttgarter Stadtmeisterschaft"]
[Site "Ditzingen"]
[Date "2008.05.03"]
[Round "5.21"]
[White "Riasanow, Nikita"]
[Black "Rieder, Josef"]
[Result "0-1"]
[WhiteElo "1259"]
[BlackElo "1872"]
[PlyCount "72"]
[EventDate "2008.05.??"]
[EventType "swiss"]
[EventRounds "7"]
[EventCountry "GER"]

1. e4 c5 2. Nf3 d6 3. d4 cxd4 4. Nxd4 a6 5. c4 Nf6 6. Nc3 g6 7. Be3 Bg7 8. Be2
O-O 9. O-O Nc6 10. a3 e6 11. Qd2 d5 12. cxd5 exd5 13. Nxd5 Nxd5 14. exd5 Qxd5
15. Nxc6 Qxc6 16. Rac1 Qf6 17. Rc2 Bf5 18. Bd3 Bxd3 19. Qxd3 Rfd8 20. Qe4 b5
21. Qf4 Qe6 22. Re1 Qb3 23. Rc7 Bxb2 24. h3 Bxa3 25. Bd4 Rxd4 26. Qxd4 Bb2 27.
Qd7 Bf6 28. Re3 Qa2 29. Rf3 Kg7 30. Rc6 Rd8 31. Qc7 Rd1+ 32. Kh2 Bd4 33. Rxa6
Qd5 34. Ra5 Be5+ 35. Qxe5+ Qxe5+ 36. g3 Qe1 0-1

[Event "Stuttgarter Stadtmeisterschaft"]
[Site "Ditzingen"]
[Date "2008.05.03"]
[Round "5.22"]
[White "Kvetny, Mark"]
[Black "Schnorr, Elke"]
[Result "1/2-1/2"]
[WhiteElo "1606"]
[BlackElo "1739"]
[PlyCount "63"]
[EventDate "2008.05.??"]
[EventType "swiss"]
[EventRounds "7"]
[EventCountry "GER"]

1. d4 Nf6 2. c4 e5 3. dxe5 Ng4 4. Bf4 g5 5. Bg3 Nc6 6. Nf3 Bg7 7. Nc3 Ngxe5 8.
Nxe5 Nxe5 9. e3 d6 10. Be2 Be6 11. Qb3 Qc8 12. O-O h5 13. h4 gxh4 14. Bxh4 Ng6
15. Bg3 h4 16. Bh2 Ne5 17. Rad1 h3 18. g3 Ng4 19. Bf3 Rb8 20. Nb5 Ne5 21. Bd5
Bxd5 22. Rxd5 a6 23. Nd4 c5 24. f4 Ng4 25. Nf5 Bf8 26. Rfd1 Qe6 27. Nxd6+ Bxd6
28. Rxd6 Qe4 29. R1d2 Qb1+ 30. Rd1 Qe4 31. R6d2 O-O 32. Re1 1/2-1/2

[Event "Stuttgarter Stadtmeisterschaft"]
[Site "Ditzingen"]
[Date "2008.05.03"]
[Round "5.23"]
[White "Aleman, Tilman"]
[Black "Dietsche, Birgit"]
[Result "1/2-1/2"]
[WhiteElo "1351"]
[BlackElo "1610"]
[PlyCount "41"]
[EventDate "2008.05.??"]
[EventType "swiss"]
[EventRounds "7"]
[EventCountry "GER"]

1. c4 e5 2. Nc3 Nf6 3. Nf3 d6 4. g3 Be6 5. d3 h6 6. Bg2 Nbd7 7. O-O Be7 8. b4
c6 9. a4 Qc7 10. Qb3 O-O 11. Bb2 Rab8 12. Rfc1 a6 13. a5 c5 14. bxc5 Nxc5 15.
Qb4 e4 16. Nxe4 Ncxe4 17. dxe4 Nxe4 18. Nd4 Nc5 19. Nxe6 fxe6 20. h4 e5 21.
Bd5+ 1/2-1/2

[Event "Stuttgarter Stadtmeisterschaft"]
[Site "Ditzingen"]
[Date "2008.05.03"]
[Round "5.24"]
[White "Mueller, Nils Samuel"]
[Black "Schnorr, Christian"]
[Result "0-1"]
[WhiteElo "1738"]
[BlackElo "1585"]
[PlyCount "54"]
[EventDate "2008.05.??"]
[EventType "swiss"]
[EventRounds "7"]
[EventCountry "GER"]

1. e4 c5 2. Nf3 Nc6 3. d4 cxd4 4. Nxd4 e5 5. Nb5 d6 6. N1c3 a6 7. Na3 b5 8. Nd5
Nce7 9. Bxb5+ axb5 10. Nxb5 Nxd5 11. Qxd5 Rb8 12. Bd2 Bb7 13. Qc4 Rc8 14. Qa4
Bc6 15. c4 Qd7 16. f3 Nf6 17. O-O d5 18. exd5 Nxd5 19. Rfd1 Bc5+ 20. Kh1 Nb6
21. Qb3 Qe6 22. Na7 Ba4 23. Qd3 Rd8 24. Qxd8+ Kxd8 25. Bg5+ Kc7 26. b3 f6 27.
Bh4 Kb7 0-1

[Event "Stuttgarter Stadtmeisterschaft"]
[Site "Ditzingen"]
[Date "2008.05.03"]
[Round "5.25"]
[White "Adler, Alexander"]
[Black "Preiss, Wolfgang"]
[Result "1/2-1/2"]
[WhiteElo "1584"]
[BlackElo "1731"]
[PlyCount "38"]
[EventDate "2008.05.??"]
[EventType "swiss"]
[EventRounds "7"]
[EventCountry "GER"]

1. e4 e5 2. Nf3 Nc6 3. d4 exd4 4. Bc4 Be7 5. c3 d6 6. O-O dxc3 7. Nxc3 Ne5 8.
Nxe5 dxe5 9. Qh5 g6 10. Qxe5 f6 11. Qb5+ c6 12. Qb3 Kf8 13. Bxg8 Rxg8 14. Bh6+
Rg7 15. Rad1 Qa5 16. Rd3 Qh5 17. Bxg7+ Kxg7 18. Rfd1 b5 19. h3 Qe5 1/2-1/2

[Event "Stuttgarter Stadtmeisterschaft"]
[Site "Ditzingen"]
[Date "2008.05.03"]
[Round "5.26"]
[White "Kruck, Mathias"]
[Black "Funk, Patrick"]
[Result "0-1"]
[WhiteElo "1583"]
[BlackElo "1723"]
[PlyCount "96"]
[EventDate "2008.05.??"]
[EventType "swiss"]
[EventRounds "7"]
[EventCountry "GER"]

1. Nf3 Nf6 2. c4 e6 3. Nc3 d5 4. d4 Nbd7 5. e3 Be7 6. g3 O-O 7. cxd5 exd5 8.
Bg2 c6 9. O-O Re8 10. Re1 Bb4 11. Bd2 Bxc3 12. Bxc3 Ne4 13. Nd2 Ndf6 14. Nxe4
Nxe4 15. f3 Nf6 16. Qc2 Qb6 17. e4 c5 18. Rad1 dxe4 19. fxe4 Bg4 20. Rd2 cxd4
21. Bxd4 Qe6 22. Bxf6 Qxf6 23. Rf2 Qd4 24. h3 Rac8 25. Qd2 Qxd2 26. Rxd2 Be6
27. a3 b6 28. Re3 Rc5 29. Kh2 Re5 30. Red3 Kf8 31. Rd4 f6 32. Bf3 Bc8 33. Rd5
R5e7 34. Rd8 Bb7 35. Rxe8+ Kxe8 36. Re2 f5 37. g4 fxe4 38. Bg2 g5 39. Kg3 Kd7
40. Re3 Kd6 41. h4 h6 42. h5 Ke5 43. Bf1 Kd4 44. Rc3 Ke5 45. Be2 Rd7 46. Re3
Rd2 47. Bf3 Kd4 48. Re2 Rd3 0-1

[Event "Stuttgarter Stadtmeisterschaft"]
[Site "Ditzingen"]
[Date "2008.05.03"]
[Round "5.27"]
[White "Ruff, Robert"]
[Black "Holschke, Christian"]
[Result "1/2-1/2"]
[WhiteElo "1566"]
[BlackElo "1661"]
[PlyCount "120"]
[EventDate "2008.05.??"]
[EventType "swiss"]
[EventRounds "7"]
[EventCountry "GER"]

1. d4 Nf6 2. c4 g6 3. Nc3 Bg7 4. e4 d6 5. f3 O-O 6. Be3 Nbd7 7. Qd2 e5 8. d5 b6
9. g4 Nc5 10. h4 h5 11. Bg5 hxg4 12. fxg4 Bxg4 13. Be2 Qd7 14. Qe3 Bxe2 15.
Ngxe2 Nh5 16. O-O-O Kh7 17. Qg1 a5 18. Ng3 Qg4 19. Nxh5 Qxg1 20. Nf6+ Bxf6 21.
Rdxg1 Bxg5+ 22. hxg5+ Kg7 23. Kd2 Rh8 24. Ke3 f5 25. gxf6+ Kxf6 26. Nb5 Na6 27.
a3 Kg7 28. Ke2 Rxh1 29. Rxh1 Rf8 30. Rh3 Rf4 31. Re3 Rh4 32. b4 Rh2+ 33. Kf3
axb4 34. axb4 Rh3+ 35. Kf2 Rxe3 36. Kxe3 Kf6 37. Kf3 Kg5 38. c5 bxc5 39. bxc5
Nxc5 40. Nxc7 Kf6 41. Nb5 Ke7 42. Nc3 Kf6 43. Nb5 Nb7 44. Na3 Kg5 45. Nc4 Kh4
46. Ne3 Nd8 47. Ng4 Nf7 48. Nf6 g5 49. Ng4 Nd8 50. Nf6 Nb7 51. Ng4 Nc5 52. Nh6
g4+ 53. Nxg4 Nxe4 54. Nh6 Ng5+ 55. Ke3 Kh5 56. Nf5 Nf7 57. Ke4 Kg6 58. Nxd6
Nxd6+ 59. Kxe5 Nb7 60. d6 Nxd6 1/2-1/2

[Event "Stuttgarter Stadtmeisterschaft"]
[Site "Ditzingen"]
[Date "2008.05.03"]
[Round "5.28"]
[White "von Borstel, Andreas"]
[Black "Novak, Josua"]
[Result "0-1"]
[WhiteElo "1496"]
[BlackElo "1653"]
[PlyCount "40"]
[EventDate "2008.05.??"]
[EventType "swiss"]
[EventRounds "7"]
[EventCountry "GER"]

1. Nf3 Nf6 2. b3 g6 3. Bb2 Bg7 4. e3 O-O 5. Be2 c5 6. c4 d6 7. O-O e5 8. d3 Nc6
9. Nbd2 Nd7 10. Qc2 f5 11. a3 g5 12. Bc3 g4 13. Ne1 Qh4 14. f3 g3 15. h3 f4 16.
exf4 Nf6 17. fxe5 Bxh3 18. gxh3 Qxh3 19. Rf2 gxf2+ 20. Kxf2 Ng4+ 0-1

[Event "Stuttgarter Stadtmeisterschaft"]
[Site "Ditzingen"]
[Date "2008.05.03"]
[Round "5.29"]
[White "Faerber, Eric"]
[Black "Pocrnic, Josip"]
[Result "1/2-1/2"]
[WhiteElo "1503"]
[BlackElo "1643"]
[PlyCount "33"]
[EventDate "2008.05.??"]
[EventType "swiss"]
[EventRounds "7"]
[EventCountry "GER"]

1. d4 Nf6 2. Nf3 g6 3. g3 Bg7 4. Bg2 d6 5. O-O O-O 6. b3 c6 7. c4 Nbd7 8. Bb2
Rb8 9. Nbd2 d5 10. Re1 Re8 11. e4 Nxe4 12. Nxe4 dxe4 13. Rxe4 Nf6 14. Re2 Bg4
15. h3 Bxf3 16. Bxf3 e6 17. Qd2 1/2-1/2

[Event "Stuttgarter Stadtmeisterschaft"]
[Site "Ditzingen"]
[Date "2008.05.03"]
[Round "5.30"]
[White "Weisensel, Wolfgang"]
[Black "Krebs, Thomas"]
[Result "1/2-1/2"]
[WhiteElo "1485"]
[BlackElo "1630"]
[PlyCount "66"]
[EventDate "2008.05.??"]
[EventType "swiss"]
[EventRounds "7"]
[EventCountry "GER"]

1. c4 f5 2. Nf3 Nf6 3. Nc3 e6 4. d3 Be7 5. Bg5 O-O 6. Bxf6 Bxf6 7. d4 b6 8. g3
Bb7 9. Bg2 d6 10. O-O Nd7 11. Re1 d5 12. Qb3 c6 13. cxd5 exd5 14. e4 fxe4 15.
Nxe4 Kh8 16. Nxf6 Qxf6 17. Qc2 Rfe8 18. Qd2 h6 19. b4 Ba6 20. Rxe8+ Rxe8 21.
Rc1 Bc4 22. a3 Re2 23. Qc3 Re7 24. Re1 b5 25. Re3 Kg8 26. Qe1 Kf8 27. Ne5 Nxe5
28. Rxe5 Rxe5 29. Qxe5 Qxe5 30. dxe5 Ke7 31. f4 Bd3 32. Kf2 Bf5 33. Ke3 h5
1/2-1/2

[Event "Stuttgarter Stadtmeisterschaft"]
[Site "Ditzingen"]
[Date "2008.05.03"]
[Round "5.31"]
[White "Domingos, Antonio"]
[Black "Möller, Albrecht"]
[Result "1-0"]
[WhiteElo "1410"]
[BlackElo "1629"]
[PlyCount "99"]
[EventDate "2008.05.??"]
[EventType "swiss"]
[EventRounds "7"]
[EventCountry "GER"]

1. e4 e5 2. Nf3 Nc6 3. Bb5 f5 4. d3 fxe4 5. dxe4 d6 6. Nc3 Nf6 7. O-O Be7 8.
Bg5 O-O 9. Bxf6 Bxf6 10. Qd5+ Kh8 11. Bxc6 bxc6 12. Qxc6 Bd7 13. Qc4 Rb8 14. b3
c6 15. Rad1 Be7 16. Rfe1 Qc8 17. Qd3 Rb7 18. h3 Qe8 19. a4 Qg6 20. Nd2 Qf6 21.
Rf1 Be6 22. Ne2 g5 23. g4 d5 24. f3 Bc5+ 25. Kg2 Rc7 26. c3 Rcf7 27. b4 Bd6 28.
b5 cxb5 29. exd5 Bd7 30. axb5 Bc7 31. c4 h5 32. c5 Bc8 33. Ne4 Qg6 34. d6 Rd8
35. Nxg5 Qxg5 36. Qb3 Rg7 37. dxc7 Rdg8 38. b6 hxg4 39. hxg4 Bxg4 40. fxg4
Qxg4+ 41. Kf2 Qh4+ 42. Ke3 Rg3+ 43. Nxg3 Rxg3+ 44. Kd2 Qd4+ 45. Kc1 Rc3+ 46.
Kb2 Rxb3+ 47. Kxb3 Qxc5 48. Rd8+ Kg7 49. c8=Q Qxb6+ 50. Kc4 1-0